书目信息 |
| 题名: |
安全信息学
|
|
| 作者: | 王秉 , 吴超 著 | |
| 分册: | ||
| 出版信息: | 北京 机械工业出版社 2021.09 |
|
| 页数: | 232页 | |
| 开本: | 26cm | |
| 丛书名: | ||
| 单 册: | ||
| 中图分类: | X913.2 | |
| 科图分类: | ||
| 主题词: | 安全信息论--an quan xin xi lun | |
| 电子资源: | ||
| ISBN: | 978-7-111-68962-1 | |
| 000 | 01695nam0 2200325 450 | |
| 001 | 011025150603 | |
| 005 | 20221025150603.0 | |
| 010 | @a978-7-111-68962-1@dCNY88.00 | |
| 039 | @aA310000SHL@bUCS01004209600@c711168962 | |
| 100 | @a20201004d2021 em y0chiy50 ea | |
| 101 | 0 | @achi |
| 102 | @aCN@b110000 | |
| 105 | @ay az 000yy | |
| 106 | @ar | |
| 200 | 1 | @a安全信息学@Aan quan xin xi xue@dSafety & security informatics@f王秉, 吴超著@zeng |
| 210 | @a北京@c机械工业出版社@d2021.09 | |
| 215 | @a232页@d26cm | |
| 300 | @a“十三五”国家重点出版物出版规划项目 | |
| 314 | @a王秉(1991-),男,甘肃兰州榆中人,工学博士,现为中南大学安全科学与工程学科特聘教授、博士生导师,中南大学安全理论创新与促进研究中心副主任。 | |
| 314 | @a吴超(1957-),男,广东揭阳人,工学博士。中南大学教授、博士生导师。国务院政府特殊津贴获得者。 | |
| 320 | @a有书目 | |
| 330 | @a安全信息学不同于安全信息,更不同于安全信息技术或工程。安全信息学是专门研究安全信息的一门学问或科学。在信息时代,特别是大数据与智能化时代,其研究与发展具有重大的理论与现实意义。本书是专门介绍与研究安全信息学的专著。全书基于大安全(Safety&Security)视角,面向安全管理,聚焦安全信息学基础理论(同时涵盖安全信息学学科基础理论与应用基础理论)研究。本书主要内容包括:绪论、安全信息基本问题、安全信息学学科建设理论、安全信息学核心原理、基于安全信息的安全行为干预理论、安全情报基本理论、基于安全信息的典型安全管理方法与安全信息学学科分支。 | |
| 510 | 1 | @aSafety & security informatics@zeng |
| 606 | 0 | @a安全信息论@Aan quan xin xi lun |
| 690 | @aX913.2@v5 | |
| 696 | @aX913.2@v5 | |
| 701 | 0 | @a王秉@Awang bing@f(1991-)@4著 |
| 701 | 0 | @a吴超@Awu chao@f(1957-)@4著 |
| 801 | 0 | @aCN@c20221025 |
| 905 | @a河南城建学院图书馆@dX913.2@eW112 | |
| 安全信息学=Safety & security informatics/王秉, 吴超著.-北京:机械工业出版社,2021.09 |
| 232页;26cm |
| “十三五”国家重点出版物出版规划项目 |
| ISBN 978-7-111-68962-1:CNY88.00 |
| 安全信息学不同于安全信息,更不同于安全信息技术或工程。安全信息学是专门研究安全信息的一门学问或科学。在信息时代,特别是大数据与智能化时代,其研究与发展具有重大的理论与现实意义。本书是专门介绍与研究安全信息学的专著。全书基于大安全(Safety&Security)视角,面向安全管理,聚焦安全信息学基础理论(同时涵盖安全信息学学科基础理论与应用基础理论)研究。本书主要内容包括:绪论、安全信息基本问题、安全信息学学科建设理论、安全信息学核心原理、基于安全信息的安全行为干预理论、安全情报基本理论、基于安全信息的典型安全管理方法与安全信息学学科分支。 |
| ● |
| 相关链接 |
|
|
|
正题名:安全信息学
索取号:X913.2/W112
 
预约/预借
| 序号 | 登录号 | 条形码 | 馆藏地/架位号 | 状态 | 备注 |
| 1 | 1584691 | 215846912 | 自科库501/501自科库 119排1列2层/ [索取号:X913.2/W112] | 在馆 |